000 00816 a2200229 4500
001 29903
005 20260407155609.0
008 260407a2004 arg spa d
003 AR-UNSa-BCEJYS
040 _aAR-UNSa-BCEJYS
_bspa
_cAR-UNSa-BCEJYS
080 _a342.4
_xConstituciones. Asambleas legislativas. Asambleas nacionales (Reforma...)
245 1 0 _aConstitución de la Nación Argentina
_pcomentada y concordada
020 _a950-527-913-2
250 _a2a. ed.
264 1 _aBuenos Aires :
_bLa Ley
_c2004
300 _axlviii, 1120 p.
_c25 cm.
041 _aspa
942 _cBK
590 _aniveau_biblio:m niveau_hierar:0
100 1 _aGelli, María Angélica
856 4 1 _uhttps://biblioeco.unsa.edu.ar/pmb/images/libros/Constitiucion de la Nacion Argentina-l86932.jpg
_yImagen de portada
_qimage/jpeg
999 _c1975
_d1975